000 00332nab a22001097u 4500
008 130520b1982 xxu||||| |||| 00| 0 spa d
041 _aspa
100 1 _aDunn, E.
_967236
245 0 0 _aReligiosidad popular ruso-ortodoxa en la Unión Soviética
_cE. Dunn
773 0 _tConcilium
_gV.2,1982,págs.64-71
_x0210-1041
_wRev134
942 _cAR
999 _c354847
_d354847